[Event "62.Camp. Veneto Quarti di Finale"]
[Site "Arquà Petrarca ITA"]
[Date "2002.05.11"]
[Round "4.33"]
[White "Piasentini, Gabriele"]
[Black "Bau, Lorenzo"]
[Result "0-1"]
[WhiteElo "1300"]
[BlackElo "1300"]
[Annotator "Gabriele Ballarin"]
[PlyCount "44"]
[EventDate "2002.05.04"]
[EventType "swiss"]
[EventRounds "6"]
[EventCountry "ITA"]

1. e4 e5 2. Nf3 Nc6 3. Nc3 Nf6 4. Bb5 Nd4 5. Nxe5 Nxb5 6. Nxb5 d6 7. Nf3 Qd7 8. Nc3 b6 9. O-O Ba6 10. Re1 O-O-O 11. e5 Ng4 12. exd6 Bxd6 13. d3 f5 14. Bg5 Rdf8 15. h3 Bb7 16. hxg4 fxg4 17. Ne5 Qf5 18. Nxg4 Qxg5 19. Ne3 Qf4 20. Ng4 h5 21. g3 Qf7 22. Ne3 Qxf2# 0-1

[Event "62.Camp. Veneto Quarti di Finale"]
[Site "Arquà Petrarca ITA"]
[Date "2002.05.12"]
[Round "5.2"]
[White "Pechy, Alaster"]
[Black "Navarro, Stefano"]
[Result "1/2-1/2"]
[WhiteElo "1840"]
[BlackElo "2011"]
[Annotator "Gabriele Ballarin"]
[PlyCount "47"]
[EventDate "2002.05.04"]
[EventType "swiss"]
[EventRounds "6"]
[EventCountry "ITA"]

1. d4 d5 2. c4 e6 3. Nc3 c6 4. Nf3 Nf6 5. e3 Nbd7 6. Bd2 Be7 7. Rc1 O-O 8. Bd3 dxc4 9. Bxc4 b5 10. Bd3 Ba6 11. Bb1 c5 12. O-O Bb7 13. Re1 Qb6 14. dxc5 Bxc5 15. a3 Rfd8 16. b4 Bf8 17. Qe2 Bxf3 18. gxf3 Ne5 19. Ne4 Nxe4 20. Bxe4 Rac8 21. Rxc8 Rxc8 22. Rc1 Rxc1+ 23. Bxc1 f5 24. Bb2 1/2-1/2

[Event "62.Camp. Veneto Quarti di Finale"]
[Site "Arquà Petrarca ITA"]
[Date "2002.05.12"]
[Round "5.3"]
[White "Cedriano, Filippo"]
[Black "Solinas, Carlo"]
[Result "1-0"]
[WhiteElo "1624"]
[BlackElo "2057"]
[Annotator "Gabriele Ballarin"]
[PlyCount "104"]
[EventDate "2002.05.04"]
[EventType "swiss"]
[EventRounds "6"]
[EventCountry "ITA"]

{[%evp 0,112,28,36,17,12,13,13,13,13,15,16,23,24,21,10,19,9,10,10,14,25,19,14,4,2,1,0,0,-16,-1,-25,-27,-79,-62,-60,-70,-66,-34,-35,-47,-61,-77,-65,-65,-86,-59,-54,-63,-61,-64,-62,-51,-81,-63,-78,-61,-78,-61,-92,-62,-98,-47,-70,-46,-61,-53,-53,-51,-49,-6,1,21,-6,6,-9,-5,-23,-23,-31,2,-11,8,-56,-50,-55,-51,-50,-54,-48,-50,-50,-48,-50,-52,-58,-59,-57,-59,-56,-56,-56,-56,-56,-50,-50,104,104,104,104,104,115,104,104,108]} 1. e4 e5 2. Nf3 Nc6 3. Bc4 Nf6 4. d3 Be7 5. O-O O-O 6. Nc3 d6 7. h3 Na5 8. Bb3 Nxb3 9. axb3 c5 10. Bg5 Be6 11. Bxf6 Bxf6 12. Nd5 Bxd5 13. exd5 g6 14. Ra4 Bg7 15. Rg4 f5 16. Rg3 Bh6 17. h4 Bf4 18. Rh3 h5 19. Nd2 Qf6 20. g3 Bxd2 21. Qxd2 f4 22. f3 Qf5 23. Qg2 Kh7 24. g4 Qf7 25. c4 Rg8 26. Qe2 Raf8 27. Kh2 Rg7 28. Qe4 Kh8 29. Qe2 Qc7 30. Qd2 Qd7 31. Rg1 Rfg8 32. g5 Qf5 33. Ra1 Ra8 34. Kg2 Qd7 35. Rhh1 Rf7 36. Kh2 Rf5 37. Rhg1 Rf7 (37... Rff8 38. Ra5 a6 39. Raa1 Rf5 40. Rgf1 b6 41. Ra2 a5 42. Ra4 Raf8 43. Raa1 R5f7 44. Qe2 Ra8 (44... Re8 45. Qd2 Qf5 46. Qe2) 45. Qd2 Qf5 46. Rfd1 Rfa7 47. Ra2 Qd7 48. Raa1 Kh7 49. Kg2 Re8 50. Kh2 Qf5 51. Qe2 Rae7 52. Re1 e4 53. dxe4 Qe5 54. Qd2 Qg7 55. Qc3 Re5 56. Qd2 Qf7) 38. Ra5 a6 39. Rga1 Rf5 40. Rg1 b6 41. Ra2 a5 42. Ra4 Raf8 43. Raa1 R5f7 44. Qe2 Re8 45. Qd2 Qf5 46. Rgd1 Ra7 47. Ra2 Qd7 48. Rda1 Kh7 49. Kg2 Qf5 50. Qe2 Rae7 51. Re1 e4 52. dxe4 Qf7 1-0

[Event "62.Camp. Veneto Quarti di Finale"]
[Site "Arquà Petrarca ITA"]
[Date "2002.05.12"]
[Round "5.6"]
[White "Trangoni, Bruno"]
[Black "Cacco, Christian"]
[Result "1-0"]
[WhiteElo "1671"]
[BlackElo "2166"]
[Annotator "Gabriele Ballarin"]
[PlyCount "91"]
[EventDate "2002.05.04"]
[EventType "swiss"]
[EventRounds "6"]
[EventCountry "ITA"]

1. f4 d5 2. Nf3 c5 3. e3 Nf6 4. Bb5+ Bd7 5. a4 g6 6. b3 Bg7 7. Bb2 O-O 8. O-O Bf5 9. Na3 a6 10. Be2 Nc6 11. Ne5 Nxe5 12. fxe5 Ne4 13. d3 Ng5 14. h4 d4 15. hxg5 Bxe5 16. Nc4 Bg3 17. Bg4 b5 18. Bxf5 gxf5 19. axb5 axb5 20. Qf3 Rxa1 21. Rxa1 Bh4 22. Ne5 e6 23. exd4 cxd4 24. Nc6 Qxg5 25. Nxd4 Bg3 26. Ra8 Bb8 27. Ne2 f4 28. Ba3 b4 29. Bxb4 Rd8 30. Ra5 e5 31. Bd2 Qg6 32. Qf2 Bc7 33. Rb5 Qc6 34. Nc3 Ra8 35. Qf3 Ra1+ 36. Kf2 Qd6 37. Nd5 Bd8 38. Qg4+ Kh8 39. Qc8 Kg7 40. Qg4+ Kh8 41. Bb4 Qc6 42. Rc5 Bb6 43. Nxb6 Qxb6 44. Qc8+ Kg7 45. Bc3 Rc1 46. Bxe5+ 1-0

[Event "62.Camp. Veneto Quarti di Finale"]
[Site "Arquà Petrarca ITA"]
[Date "2002.05.12"]
[Round "5.7"]
[White "Opacic, Alexandar"]
[Black "Belloni, Umberto"]
[Result "1-0"]
[WhiteElo "2016"]
[BlackElo "1662"]
[Annotator "Gabriele Ballarin"]
[PlyCount "83"]
[EventDate "2002.05.04"]
[EventType "swiss"]
[EventRounds "6"]
[EventCountry "ITA"]

1. e4 e6 2. d4 d5 3. Nc3 dxe4 4. Nxe4 Nf6 5. Ng3 c5 6. Bb5+ Bd7 7. Bxd7+ Qxd7 8. Be3 cxd4 9. Qxd4 Qxd4 10. Bxd4 Nbd7 11. f3 Bc5 12. N1e2 O-O 13. O-O Rfd8 14. Bxc5 Nxc5 15. Rfd1 Kf8 16. Kf2 Ke7 17. Nf4 Rxd1 18. Rxd1 Rd8 19. Rxd8 Kxd8 20. b3 Kd7 21. a4 Kd6 22. Ke2 a5 23. Nd3 h6 24. Nb2 Kc6 25. Nc4 b5 26. axb5+ Kxb5 27. Nd6+ Kb4 28. Kd2 Nd5 29. Ne2 Nxb3+ 30. cxb3 Kxb3 31. Nxf7 a4 32. Nd6 a3 33. Nc1+ Kb4 34. Ne4 Nb6 35. Kc2 Nd5 36. g3 Kc4 37. Kd2 Kd4 38. Nd6 Kc5 39. Ne4+ Kd4 40. h4 Nb4 41. Nc3 Nc6 42. Nb1 1-0

[Event "62.Camp. Veneto Quarti di Finale"]
[Site "Arquà Petrarca ITA"]
[Date "2002.05.12"]
[Round "5.8"]
[White "Zotti, Enrico"]
[Black "Zavagli, Massimo"]
[Result "0-1"]
[WhiteElo "1749"]
[BlackElo "1642"]
[Annotator "Gabriele Ballarin"]
[PlyCount "101"]
[EventDate "2002.05.04"]
[EventType "swiss"]
[EventRounds "6"]
[EventCountry "ITA"]

1. Nf3 Nf6 2. b3 g6 3. Bb2 Bg7 4. e4 d6 5. Be2 O-O 6. d3 c5 7. O-O Nc6 8. Nbd2 b5 9. d4 Qb6 10. d5 Nd4 11. Nxd4 cxd4 12. Kh1 e5 13. dxe6 fxe6 14. f4 Bb7 15. Bd3 Nh5 16. Qg4 Bc8 17. e5 dxe5 18. fxe5 Rxf1+ 19. Rxf1 Bxe5 20. Qe4 Qb8 21. Qf3 Bb7 22. Qf7+ Kh8 23. Qxe6 Ng7 24. Qd7 Qc8 25. Qxc8+ Rxc8 26. Rf7 Bd5 27. Rxa7 Nf5 28. Nf3 Bxf3 29. gxf3 Ne3 30. f4 Bf6 31. Rb7 Nxc2 32. Rxb5 Ne3 33. a4 Nd1 34. Rb6 Nxb2 35. Rxf6 Nxd3 36. Rd6 Rc1+ 37. Kg2 Nxf4+ 38. Kf3 g5 39. Rxd4 Rc3+ 40. Kg4 Rxb3 41. Re4 h6 42. h4 Nd5 43. hxg5 hxg5 44. Kxg5 Kg7 45. Kf5 Kf7 46. Ke5 Nb6 47. Kd6 Ra3 48. Rf4+ Kg6 49. Kc6 Nxa4 50. Kb5 Nb2 51. Kb4 0-1

[Event "62.Camp. Veneto Quarti di Finale"]
[Site "Arquà Petrarca ITA"]
[Date "2002.05.12"]
[Round "5.9"]
[White "Bassetto, Marco"]
[Black "Stiz, Massimiliano"]
[Result "0-1"]
[WhiteElo "1792"]
[BlackElo "1591"]
[Annotator "Gabriele Ballarin"]
[PlyCount "62"]
[EventDate "2002.05.04"]
[EventType "swiss"]
[EventRounds "6"]
[EventCountry "ITA"]

1. e4 e6 2. d4 d5 3. Nc3 Bb4 4. e5 c5 5. a3 Bxc3+ 6. bxc3 Qc7 7. Qg4 Ne7 8. Bb5+ Bd7 9. Bxd7+ Nxd7 10. Ne2 Ng6 11. O-O Rc8 12. Be3 O-O 13. h4 f5 14. exf6 Nxf6 15. Qxe6+ Kh8 16. Qh3 Rce8 17. h5 Ne7 18. dxc5 Ne4 19. h6 Nf5 20. hxg7+ Qxg7 21. Bd4 Nxd4 22. cxd4 Nd2 23. Qg3 Rxe2 24. Qxg7+ Kxg7 25. Rae1 Rfxf2 26. Rxf2 Rxe1+ 27. Kh2 Ne4 28. Rf5 Rh1+ 29. Kxh1 Ng3+ 30. Kg1 Nxf5 31. Kf2 Nxd4 0-1

[Event "62.Camp. Veneto Quarti di Finale"]
[Site "Arquà Petrarca ITA"]
[Date "2002.05.12"]
[Round "5.10"]
[White "Lorenzini, Adriano"]
[Black "Valentini, Luca"]
[Result "1/2-1/2"]
[WhiteElo "1723"]
[BlackElo "1785"]
[Annotator "Gabriele Ballarin"]
[PlyCount "47"]
[EventDate "2002.05.04"]
[EventType "swiss"]
[EventRounds "6"]
[EventCountry "ITA"]

1. d4 Nf6 2. c4 e6 3. Nc3 Bb4 4. e3 O-O 5. Bd3 d5 6. Nf3 c5 7. O-O dxc4 8. Bxc4 Nbd7 9. Qe2 a6 10. a3 Bxc3 11. bxc3 b5 12. Bd3 Bb7 13. e4 Rc8 14. e5 Bxf3 15. Qxf3 Nd5 16. Re1 Nxc3 17. Qh3 g6 18. Qh6 f5 19. g4 Nxe5 20. Rxe5 Qxd4 21. Rxe6 Qxg4+ 22. Kh1 Qd1+ 23. Kg2 Qxd3 24. Rxg6+ 1/2-1/2

[Event "62.Camp. Veneto Quarti di Finale"]
[Site "Arquà Petrarca ITA"]
[Date "2002.05.12"]
[Round "5.11"]
[White "Sanavio, Giancarlo"]
[Black "Guclu, Yaman"]
[Result "0-1"]
[WhiteElo "1648"]
[BlackElo "1774"]
[Annotator "Gabriele Ballarin"]
[PlyCount "54"]
[EventDate "2002.05.04"]
[EventType "swiss"]
[EventRounds "6"]
[EventCountry "ITA"]

1. Nf3 d5 2. c4 c6 3. b3 Nf6 4. Bb2 Bf5 5. g3 Nbd7 6. Bg2 e6 7. O-O Bd6 8. d3 Qe7 9. cxd5 cxd5 10. Nbd2 Bg6 11. Nd4 a6 12. e4 Ne5 13. Qe2 Bh5 14. f3 dxe4 15. Nxe4 Nxe4 16. dxe4 Rd8 17. Kh1 Bc5 18. Rad1 O-O 19. Bc3 Bxd4 20. Bxd4 Nc6 21. Bc3 e5 22. Rd5 Nd4 23. Qb2 Rxd5 24. exd5 Qc5 25. f4 Ne2 26. Bxe5 f6 27. Bf3 Bxf3+ 0-1

[Event "62.Camp. Veneto Quarti di Finale"]
[Site "Arquà Petrarca ITA"]
[Date "2002.05.12"]
[Round "5.12"]
[White "Liguori, Michele"]
[Black "Baracchi, Filippo"]
[Result "1/2-1/2"]
[WhiteElo "1600"]
[BlackElo "1756"]
[Annotator "Gabriele Ballarin"]
[PlyCount "27"]
[EventDate "2002.05.04"]
[EventType "swiss"]
[EventRounds "6"]
[EventCountry "ITA"]

1. e4 c5 2. f4 d6 3. Nf3 Nc6 4. g3 g6 5. Bg2 Bg7 6. d3 Nf6 7. Nc3 a6 8. O-O O-O 9. h3 b5 10. e5 Nd7 11. e6 fxe6 12. Ng5 Ndb8 13. Qg4 Qe8 14. Be3 1/2-1/2

[Event "62.Camp. Veneto Quarti di Finale"]
[Site "Arquà Petrarca ITA"]
[Date "2002.05.12"]
[Round "5.13"]
[White "Marson, Luca"]
[Black "Canazza, Alessandro"]
[Result "1/2-1/2"]
[WhiteElo "1732"]
[BlackElo "1600"]
[Annotator "Gabriele Ballarin"]
[PlyCount "72"]
[EventDate "2002.05.04"]
[EventType "swiss"]
[EventRounds "6"]
[EventCountry "ITA"]

1. e4 c6 2. d4 d5 3. Nc3 dxe4 4. Nxe4 Nd7 5. Nf3 Ngf6 6. Nxf6+ Nxf6 7. Bc4 Bf5 8. O-O e6 9. Re1 Be7 10. Bg5 h6 11. Bxf6 Bxf6 12. Bd3 Bxd3 13. Qxd3 O-O 14. Ne5 Qc7 15. Rad1 Rfd8 16. Qe4 c5 17. c3 cxd4 18. Rxd4 Rxd4 19. cxd4 Rd8 20. Nf3 Rd5 21. b3 b5 22. g3 Qc3 23. Rd1 Qb2 24. Rd2 Qc1+ 25. Kg2 Qc8 26. Rc2 Qd7 27. Rc5 Qd8 28. Rxd5 Qxd5 29. Qxd5 exd5 30. Ne5 Kf8 31. Nd7+ Ke7 32. Nxf6 Kxf6 33. f3 b4 34. Kf2 Kf5 35. Ke3 h5 36. h3 g5 1/2-1/2

[Event "62.Camp. Veneto Quarti di Finale"]
[Site "Arquà Petrarca ITA"]
[Date "2002.05.12"]
[Round "5.14"]
[White "Quaranta, Cristiano"]
[Black "Busà, Michele"]
[Result "1-0"]
[WhiteElo "1783"]
[BlackElo "1543"]
[Annotator "Gabriele Ballarin"]
[PlyCount "53"]
[EventDate "2002.05.04"]
[EventType "swiss"]
[EventRounds "6"]
[EventCountry "ITA"]

1. e4 g6 2. d4 Bg7 3. Nc3 d6 4. Bg5 Nf6 5. Qd2 Nbd7 6. f4 c5 7. e5 cxd4 8. Qxd4 dxe5 9. fxe5 Nh5 10. Nd5 Nxe5 11. O-O-O f6 12. Nxf6+ Kf7 13. Qxd8 Rxd8 14. Rxd8 Nxf6 15. Ne2 Ne4 16. Bd2 Nc6 17. Rd3 Bf5 18. Be1 Ne5 19. Rb3 Rd8 20. Nf4 Bg4 21. Nd3 Bh6+ 22. Kb1 Nc4 23. Rxb7 Na3+ 24. bxa3 Bd2 25. Bxd2 Nxd2+ 26. Kc1 Nc4 27. Rb4 1-0

[Event "62.Camp. Veneto Quarti di Finale"]
[Site "Arquà Petrarca ITA"]
[Date "2002.05.12"]
[Round "5.15"]
[White "Angelini, Francesco"]
[Black "Mocellin, Gianfranco"]
[Result "0-1"]
[WhiteElo "1300"]
[BlackElo "1675"]
[Annotator "Gabriele Ballarin"]
[PlyCount "90"]
[EventDate "2002.05.04"]
[EventType "swiss"]
[EventRounds "6"]
[EventCountry "ITA"]

1. e4 e5 2. Nf3 d6 3. d4 exd4 4. Nxd4 g6 5. Nc3 Bg7 6. Bc4 Ne7 7. O-O O-O 8. f4 Nbc6 9. Be3 Na5 10. Bb3 Nxb3 11. axb3 f5 12. exf5 Nxf5 13. Nxf5 Rxf5 14. g4 Rf7 15. Qf3 Qh4 16. h3 c6 17. Rae1 d5 18. Bf2 Qd8 19. Re2 Bd7 20. Rfe1 Qc7 21. Bg3 Bd4+ 22. Kh2 Bc5 23. Qd3 Bd6 24. f5 gxf5 25. gxf5 Rxf5 26. Rg2 Bxg3+ 27. Rxg3+ Kf7 28. Qd4 Rg8 29. Reg1 b6 30. Qh4 h5 31. Kh1 Rxg3 32. Rxg3 Qf4 33. Qxf4 Rxf4 34. Kg2 h4 35. Ne2 Rf6 36. Rd3 Bf5 37. Rc3 Be4+ 38. Kg1 Kg6 39. Nd4 c5 40. Nb5 a5 41. Re3 Bxc2 42. Nc7 d4 43. Re2 Bxb3 44. Ne8 Re6 45. Rg2+ Kf7 0-1

[Event "62.Camp. Veneto Quarti di Finale"]
[Site "Arquà Petrarca ITA"]
[Date "2002.05.12"]
[Round "5.16"]
[White "Pomaro, Stefano"]
[Black "Forzin, Gianluca"]
[Result "1-0"]
[WhiteElo "1626"]
[BlackElo "1482"]
[Annotator "Gabriele Ballarin"]
[PlyCount "73"]
[EventDate "2002.05.04"]
[EventType "swiss"]
[EventRounds "6"]
[EventCountry "ITA"]

1. e4 e5 2. Nf3 Nc6 3. Bc4 Be7 4. d4 exd4 5. c3 d6 6. Qb3 Na5 7. Bxf7+ Kf8 8. Qa4 c6 9. Bxg8 Kxg8 10. Qxd4 Bf6 11. Qd3 Be6 12. Na3 b6 13. Bf4 Nb7 14. O-O Kf7 15. Nc4 Re8 16. e5 dxe5 17. Ncxe5+ Kg8 18. Qxd8 Raxd8 19. Nxc6 Ra8 20. Rfe1 a6 21. Ncd4 Bd7 22. Rad1 Rac8 23. Ne5 Bxe5 24. Rxe5 Rxe5 25. Bxe5 Rc5 26. Re1 g6 27. Bg3 Kf7 28. Bh4 Rd5 29. Re7+ Kg8 30. Bf6 Nc5 31. Rg7+ Kf8 32. f3 b5 33. Rxh7 b4 34. cxb4 Nd3 35. Ne2 Bb5 36. Nc3 Rd6 37. Be7+ 1-0

[Event "62.Camp. Veneto Quarti di Finale"]
[Site "Arquà Petrarca ITA"]
[Date "2002.05.12"]
[Round "5.17"]
[White "Baracchi, Leonardo"]
[Black "Mason, Andrea"]
[Result "1/2-1/2"]
[WhiteElo "1600"]
[BlackElo "1503"]
[Annotator "Gabriele Ballarin"]
[PlyCount "45"]
[EventDate "2002.05.04"]
[EventType "swiss"]
[EventRounds "6"]
[EventCountry "ITA"]

1. e4 e6 2. d4 d5 3. Nd2 Nf6 4. e5 Nfd7 5. f4 c5 6. Ngf3 Nc6 7. Nb3 c4 8. Nbd2 Be7 9. Be2 f5 10. O-O O-O 11. c3 b5 12. Nb1 Re8 13. Ne1 b4 14. Rf3 Nf8 15. Rh3 Qc7 16. g4 Rb8 17. Ng2 Rb6 18. Qe1 Qb7 19. Bd1 bxc3 20. Qxc3 Bd7 21. a3 Rc8 22. gxf5 Nxd4 23. f6 1/2-1/2

[Event "62.Camp. Veneto Quarti di Finale"]
[Site "Arquà Petrarca ITA"]
[Date "2002.05.12"]
[Round "5.18"]
[White "Chinello, Gianmarco"]
[Black "Cipolotti, Piersilvio"]
[Result "1-0"]
[WhiteElo "1600"]
[BlackElo "1455"]
[Annotator "Gabriele Ballarin"]
[PlyCount "159"]
[EventDate "2002.05.04"]
[EventType "swiss"]
[EventRounds "6"]
[EventCountry "ITA"]

1. e4 Nc6 2. Nf3 d6 3. Bc4 Nf6 4. d3 Bg4 5. h3 Bxf3 6. Qxf3 Ne5 7. Qe2 Nxc4 8. dxc4 e5 9. c5 a6 10. cxd6 Bxd6 11. O-O O-O 12. Nc3 Qe7 13. Bg5 Qe6 14. Rad1 Nd7 15. b3 f6 16. Bc1 Rfd8 17. Nd5 Rac8 18. Qc4 Kh8 19. Rd3 Nc5 20. Re3 c6 21. Nb6 Qxc4 22. Nxc4 Bc7 23. Ree1 b5 24. Ba3 Ne6 25. Ne3 Bb6 26. Bc1 Nd4 27. c3 Ne6 28. Rd1 Nc5 29. Rxd8+ Rxd8 30. Re1 Nd3 31. Rd1 Nxc1 32. Rxc1 Rd2 33. c4 Bxe3 34. fxe3 b4 35. Kf1 Rxa2 36. Rd1 h6 37. Rd6 Ra3 38. Rxc6 Rxb3 39. Ke2 a5 40. Ra6 Rc3 41. Rxa5 Rxc4 42. Kd3 Rc3+ 43. Kd2 Rb3 44. Ra2 Kh7 45. Rc2 Rb1 46. Kd3 b3 47. Re2 Kg6 48. Kc3 b2 49. Rxb2 Rxb2 50. Kxb2 Kh5 51. g3 Kg5 52. Kc2 f5 53. exf5 Kxf5 54. Kd3 h5 55. e4+ Ke6 56. Kc4 Kd6 57. h4 Kc6 58. Kb4 Kd6 59. Kc4 Ke6 60. Kc5 Kf6 61. Kd5 g6 62. Kd6 g5 63. Kd5 gxh4 64. gxh4 Kf7 65. Kxe5 Ke7 66. Kf5 Kf7 67. Kg5 Ke6 68. Kxh5 Ke5 69. Kg6 Kxe4 70. h5 Kd3 71. h6 Kc2 72. h7 Kb1 73. h8=Q Kc1 74. Qh2 Kb1 75. Qd2 Ka1 76. Kf5 Kb1 77. Ke4 Ka1 78. Kd3 Kb1 79. Kc3 Ka1 80. Qb2# 1-0

[Event "62.Camp. Veneto Quarti di Finale"]
[Site "Arquà Petrarca ITA"]
[Date "2002.05.12"]
[Round "5.19"]
[White "Ceccherini, Paolo"]
[Black "Chiumello, Roberto"]
[Result "1-0"]
[WhiteElo "1516"]
[BlackElo "1600"]
[Annotator "Gabriele Ballarin"]
[PlyCount "109"]
[EventDate "2002.05.04"]
[EventType "swiss"]
[EventRounds "6"]
[EventCountry "ITA"]

1. d4 d5 2. Nf3 Nf6 3. e3 Bg4 4. c4 e6 5. Nbd2 Nc6 6. Qb3 Rb8 7. cxd5 exd5 8. Bb5 Bxf3 9. Nxf3 Bb4+ 10. Qxb4 a6 11. Bxc6+ bxc6 12. Qa3 Rb6 13. O-O Qb8 14. b3 Ne4 15. Bd2 g5 16. Rfd1 f6 17. Be1 Kf7 18. Rac1 Qb7 19. Nd2 Nd6 20. Rc5 h5 21. f3 g4 22. f4 h4 23. Rdc1 Re8 24. Bxh4 Rxe3 25. Nf1 Rd3 26. Qb2 Ne4 27. Re1 Rb4 28. Rc2 Rbxd4 29. Re3 Rd1 30. Rc1 Qb6 31. Rxd1 Rxd1 32. Bf2 Nd2 33. Re1 Rxe1 34. Qxd2 Rxf1+ 35. Kxf1 Qb5+ 36. Qe2 f5 37. Qxb5 cxb5 38. Ke2 Ke6 39. Kd3 Kd6 40. h4 gxh3 41. gxh3 c5 42. h4 c4+ 43. bxc4 dxc4+ 44. Kc3 Ke6 45. Bd4 Kf7 46. a3 a5 47. Bb6 b4+ 48. axb4 axb4+ 49. Kxb4 Kg6 50. Kxc4 Kh5 51. Be3 Kxh4 52. Kd5 Kg4 53. Ke5 Kf3 54. Kxf5 Kxe3 55. Ke5 1-0

[Event "62.Camp. Veneto Quarti di Finale"]
[Site "Arquà Petrarca ITA"]
[Date "2002.05.12"]
[Round "5.20"]
[White "Bettera, Roberto"]
[Black "Frascati, Francesco"]
[Result "1-0"]
[WhiteElo "1594"]
[BlackElo "1450"]
[Annotator "Gabriele Ballarin"]
[PlyCount "87"]
[EventDate "2002.05.04"]
[EventType "swiss"]
[EventRounds "6"]
[EventCountry "ITA"]

1. d4 Nf6 2. c4 g6 3. Nc3 Bg7 4. e4 d6 5. Nf3 O-O 6. Be2 Nbd7 7. Be3 e5 8. d5 Ng4 9. Bg5 f6 10. Bh4 a5 11. Nd2 Nh6 12. g4 g5 13. Bg3 Nc5 14. f3 Bd7 15. b3 Qe8 16. Nf1 a4 17. b4 Na6 18. a3 Qe7 19. Qd2 c6 20. Rd1 c5 21. b5 Nc7 22. Bf2 f5 23. gxf5 Bxf5 24. exf5 Nxf5 25. Ne4 h6 26. Nfg3 Nd4 27. Qd3 Rf7 28. O-O Raf8 29. Be1 Ne8 30. Bd2 b6 31. Kg2 Nf6 32. Nxf6+ Bxf6 33. Qg6+ Rg7 34. Qxh6 Nxe2 35. Nxe2 e4 36. Rde1 g4 37. fxg4 Rxg4+ 38. Ng3 Qe5 39. Rf4 Rg7 40. Rfxe4 Qb2 41. Rf1 Bg5 42. Rxf8+ Kxf8 43. Qh8+ Kf7 44. Qe8+ 1-0

[Event "62.Camp. Veneto Quarti di Finale"]
[Site "Arquà Petrarca ITA"]
[Date "2002.05.12"]
[Round "5.21"]
[White "Roberti, Ignazio"]
[Black "Arras, Antonio"]
[Result "1-0"]
[WhiteElo "1769"]
[BlackElo "1446"]
[Annotator "Gabriele Ballarin"]
[PlyCount "57"]
[EventDate "2002.05.04"]
[EventType "swiss"]
[EventRounds "6"]
[EventCountry "ITA"]

1. e4 c5 2. Nf3 d6 3. d4 cxd4 4. Nxd4 Nf6 5. Nc3 a6 6. f3 Qc7 7. Be3 g6 8. Qd2 Bg7 9. g4 Bd7 10. O-O-O Nc6 11. h4 b5 12. h5 b4 13. Nce2 gxh5 14. g5 Ng8 15. Rxh5 Ne5 16. Ng3 Nc4 17. Bxc4 Qxc4 18. Kb1 Rb8 19. Ngf5 Bxf5 20. Nxf5 Bc3 21. Qxd6 Qb5 22. Qc7 Be5 23. Qc5 Qxc5 24. Bxc5 a5 25. Ne3 Bf4 26. Bd4 e5 27. Nd5 Rd8 28. Nc7+ Kf8 29. Bc5+ 1-0

[Event "62.Camp. Veneto Quarti di Finale"]
[Site "Arquà Petrarca ITA"]
[Date "2002.05.12"]
[Round "5.22"]
[White "Ferrari, Mario"]
[Black "Nizzardo, Mattia"]
[Result "1-0"]
[WhiteElo "1737"]
[BlackElo "1452"]
[Annotator "Gabriele Ballarin"]
[PlyCount "39"]
[EventDate "2002.05.04"]
[EventType "swiss"]
[EventRounds "6"]
[EventCountry "ITA"]

1. e4 e5 2. Nf3 Nf6 3. d4 exd4 4. e5 Nd5 5. Qxd4 Nb6 6. Bd3 Nc6 7. Qf4 d6 8. O-O dxe5 9. Nxe5 Nxe5 10. Qxe5+ Qe7 11. Qg3 g6 12. Nc3 Bg7 13. Bg5 Qd6 14. Bf4 Qd7 15. Rfe1+ Kf8 16. Bxc7 Bxc3 17. bxc3 Qc6 18. Qe5 Kg8 19. Bb5 Qe6 20. Qd4 1-0

[Event "62.Camp. Veneto Quarti di Finale"]
[Site "Arquà Petrarca ITA"]
[Date "2002.05.12"]
[Round "5.23"]
[White "Maniero, Andrea"]
[Black "Meggiorin, Orlando"]
[Result "1-0"]
[WhiteElo "1600"]
[BlackElo "1432"]
[Annotator "Gabriele Ballarin"]
[PlyCount "135"]
[EventDate "2002.05.04"]
[EventType "swiss"]
[EventRounds "6"]
[EventCountry "ITA"]

1. e4 e6 2. Nc3 d5 3. d3 d4 4. Nce2 e5 5. f4 Bd6 6. Nf3 g6 7. g3 Bg4 8. Bg2 Nc6 9. c3 Bxf3 10. Bxf3 Bc5 11. b4 Bb6 12. b5 Na5 13. c4 a6 14. a4 c6 15. bxc6 Nxc6 16. O-O Qd7 17. Qb3 Ba7 18. Ba3 O-O-O 19. Rab1 h5 20. Rb2 Qc7 21. f5 Rd7 22. Rfb1 Nge7 23. Nc1 f6 24. Bxe7 Rxe7 25. fxg6 Bc5 26. Qc2 b6 27. Nb3 Nb4 28. Qe2 a5 29. Nxc5 bxc5 30. Bxh5 Rg7 31. Bg4+ Kd8 32. Bf5 Qe7 33. h4 Rgg8 34. h5 Qg7 35. g4 Qh6 36. Qd2 Qg7 37. Kg2 Ke7 38. Rh1 Qh6 39. Qxh6 Rxh6 40. Rd2 Rb8 41. Rb1 Rhh8 42. Kf3 Rbg8 43. Ke2 Rb8 44. Rdd1 Rhg8 45. Rh1 Rh8 46. Rh3 Rhg8 47. g5 fxg5 48. Rg1 Kf6 49. Bg4 Rbf8 50. Rf3+ Kg7 51. Rxf8 Kxf8 52. Rf1+ Kg7 53. Rf5 Nc6 54. Rxg5 Rh8 55. Bd7 Kh6 56. Rf5 Nb4 57. Rxe5 Na2 58. Kd2 Rf8 59. Rxc5 Rf2+ 60. Ke1 Rh2 61. Rxa5 Nc3 62. Rf5 Ra2 63. e5 Ra1+ 64. Kf2 Nd1+ 65. Kf3 Ne3 66. Rf4 Kxh5 67. Rxd4 Nc2 68. Rg4 1-0

[Event "62.Camp. Veneto Quarti di Finale"]
[Site "Arquà Petrarca ITA"]
[Date "2002.05.12"]
[Round "5.24"]
[White "Barbetta, Cosimo"]
[Black "Zuccarello, Gianni"]
[Result "1-0"]
[WhiteElo "1510"]
[BlackElo "1600"]
[Annotator "Gabriele Ballarin"]
[PlyCount "161"]
[EventDate "2002.05.04"]
[EventType "swiss"]
[EventRounds "6"]
[EventCountry "ITA"]

1. e4 e5 2. Nf3 Nc6 3. Nc3 Nf6 4. d3 Bb4 5. a3 Ba5 6. Bd2 a6 7. h3 b5 8. b4 Bb6 9. Be2 h6 10. O-O O-O 11. Be3 Bd4 12. Bxd4 exd4 13. Nb1 d6 14. Nbd2 Be6 15. Nh2 Qc8 16. f4 Bxh3 17. gxh3 Qxh3 18. Rf3 Qc8 19. Qf1 Ne7 20. Rg3 c5 21. Qh3 Ng6 22. Qxc8 Rfxc8 23. f5 Ne7 24. Ng4 Nxg4 25. Bxg4 f6 26. Re1 Nc6 27. bxc5 dxc5 28. Nb3 Ne5 29. Na5 Rc7 30. Be2 Rac8 31. Kf2 c4 32. Reg1 cxd3 33. cxd3 Rd7 34. Rh1 Kh7 35. Rgg1 Rc3 36. Ra1 Rdc7 37. Rhd1 Rc2 38. Ke1 Kg8 39. Nb3 R2c3 40. Rac1 Kf7 41. Rxc3 Rxc3 42. Nxd4 Rxa3 43. Nc2 Rc3 44. Kd2 Rc8 45. Ra1 Ra8 46. d4 Nc4+ 47. Bxc4+ bxc4 48. Ra4 g6 49. Rxc4 gxf5 50. exf5 a5 51. Ra4 Ke7 52. Ke3 Kd6 53. Kf4 Kc6 54. Ra1 Kd5 55. Rh1 Rh8 56. Ke3 h5 57. Rh4 Kc4 58. Kd2 Kb3 59. Rh3+ Kc4 60. Rc3+ Kd5 61. Ra3 Ra8 62. Ke3 h4 63. Kf4 a4 64. Kg4 Ke4 65. Re3+ Kd5 66. Kxh4 a3 67. Rxa3 Rxa3 68. Nxa3 Kxd4 69. Nb5+ Ke5 70. Kg4 Ke4 71. Nd6+ Ke5 72. Nf7+ Ke4 73. Nh6 Ke5 74. Ng8 Kd6 75. Nxf6 Ke7 76. Kg5 Kf7 77. Nh5 Kg8 78. Kf6 Kf8 79. Ke6 Ke8 80. f6 Kf8 81. Ng7 1-0